| 000 | 00677nam a2200193 a 4500 | ||
|---|---|---|---|
| 001 | 000011521 | ||
| 005 | 20200929162459.0 | ||
| 008 | 091019s1968 mx 000 0 spa d | ||
| 040 |
_aDO-SdBNP _bspa _cBNPHU |
||
| 082 |
_a924.87 _bB446H |
||
| 100 | 1 |
_aHernández, Ignacio _927251 |
|
| 245 | 1 | 0 |
_aAndrés bello : _b(1781-1856) / _cIgnacio Hernández. |
| 260 |
_aMéxico, D. F. : _bSecretaría de Educación Pública, _c1968. |
||
| 300 |
_a60 p. ; _c17 cm. |
||
| 490 | 1 |
_aCuadernos de lectura popular _aEl hombre en la historia _v158 |
|
| 650 | 4 |
_aBello, andrés, _y1781-1865. _927252 |
|
| 830 | 3 |
_pEl hombre en la historia _aCuadernos de lectura popular _v158 _927253 |
|
| 049 | _aBNGR | ||
| 999 |
_c11218 _d11218 |
||